000 00896nam a2200217 i 4500
001 139319
003 ES-MaACL
005 20250817140423.0
007 t|
008 070214s1947 sp r ||||1| spa d
100 1 _aSarthou Carreres, Carlos.
_9103879
245 1 0 _aJosé de Ribera y su arte
_b: el Españoleto y su patria /
_cCarlos Sarthou Carreres ; prólogo del Marqués de Lozoya.
260 _aValencia :
_b[s.n.],
_c1947 (
_fImp. Semana Gráfica)
300 _a186 p., 2 lám. :
_bil. ;
_c24 cm.
490 1 _aEdiciones de historia para la divulgación cultural jetabense
600 1 4 _aRibera, José de,
_d1591-1652
_996775
700 1 _aLozoya, Juan de Contreras y López de Ayala,
_cMarqués de,
_d1893-1978
_9129112
830 0 _aEdiciones de historia para la divulgación cultural jetabense
_9220213
852 _aES-MaACL
_jC-4648
_bR.25358
999 _c139319
_d139319